Celebrities in Disney Style Picture #7 - Statistics

General Stats
  • This quiz has been taken 58 times
  • The average score is 10 of 20
Answer Stats
Picture Answer % Correct
Benedict Cumberbatch
92%
Robin Williams
92%
Gordon Ramsay
88%
Arnold Schwarzenegger
71%
George Clooney
71%
Brad Pitt
63%
Eddie Murphy
61%
Robert De Niro
57%
Kate Winslet
51%
Tom Hanks
49%
Ben Affleck
47%
Liam Neeson
45%
Megan Fox
45%
Denzel Washington
43%
Bryan Cranston
39%
Tom Hardy
33%
Russell Crowe
29%
Brendan Fraser
18%
Demi Moore
14%
Sydney Sweeney
8%
No matching quizzes found
Score Distribution
Percent of People with Each Score
Percentile by Number Answered
Your Score History
You have not taken this quiz